000 00658nam a2200229Ia 4500
005 20250508161712.0
008 008 250505s9999 xx 000 0 eng d
020 _a0-697-06077-2
037 _aTextual
040 _aFEDL
_beng
_cFEDL
041 _aeng
_2eng
084 _a371.1, HAN
_qFEDL
100 _aHaney John B
_9771399
245 0 _aEduactional media and the teacher
260 _aDubuque
_bW M C Brown Company Publishers
_c1970
300 _aviii,130p
490 _aIssues and innovations in education
650 _aTeaching
700 _a Ullmer Eldon J
_9771400
942 _cTEXL
_h371.1, HAN
999 _c1371631
_d1371631